000 00617nam a22002177a 4500
005 20250128142453.0
010 _aENG-130182 ENG-143651
020 _a9789352534357
_c550.00
020 _a9789352534357
_c795.00
035 _aEN-113714
035 _aEN-127183
037 _bDBAD
082 _a658
100 _aKhanka, S S.
_977222
245 _aHuman Resource Management/
_cBy S S Khanka
250 _a2
260 _aNew Delhi
_c2019,2023(rep)
_bS Chand And Company Limited
270 _bNew Delhi
_aRam Nagar
_e110055
300 _a773p.
_c24cm (pbk)
_bIndex
942 _2ddc
_cEN
_h658
_mKHA
999 _c182732
_d182732